Регионална библиотека "Любен Каравелов" - Русе

Залмоксис (Запис номер 371341)

MARC детайли
000 -Лидер
Контролно поле с фиксирана дължина 01914nam a2200325 a 4500
003 - Код на организацията, давaща контролен номер
Контролно поле BLK
005 - Дата и час на последна редакция
Контролно поле 20240228135454.0
008 - Елементи от данни с фиксирана дължина
fixed length control field 200629b bu ||||| |||| 00| 0 bu d
020 ## - Международен стандартен номер на книга ISBN
Международен стандартен номер на книга ISBN 978-954-09-1383-4
040 ## - Източник на каталожния запис
Идентификатор на билиотеката - собственик на записа BLK
041 ## - Код за език
Код за езика на текст/звукозапис или на отделно заглавие Български
Код за езика КДБФ Български
080 ## - УДК
Текстов определител УДК Българска литература
УДК код - определител по УДК 821.163.2
УДК определител -13
УДК - код + определител 821.163.2-13
080 ## - УДК
Текстов определител УДК Българска литература
УДК код - определител по УДК 821.163.2
УДК определител (092)
УДК - код + определител 821.163.2(092)
080 ## - УДК
Текстов определител УДК Български журналист, поет, редактор, критик, публицист, директор на радио- и телевизионни канали, издател и обществен деец
УДК код - определител по УДК 929 Гранитски, Иван
УДК - код + определител 929 Гранитски, Иван
080 ## - УДК
Текстов определител УДК Антични религии
УДК код - определител по УДК 255
УДК определител (398)-14
УДК - код + определител 255(398)-14
100 1# - Редна дума - Автор
Автор Гранитски, Иван
Пълна форма на името Димитров, Иван Йорданов
Дати, свързани с автора 1953-
Автор - информация (биография) Журналист, литературен критик, теоретик и историк, поет, публицист и издател.
R(LIN) 55767
139 ## - Редно поле
Редна дума Гранитски, Иван
Авторски знак Гран - Г 77
245 ## - Сведения за заглавието
Заглавие Залмоксис
Подзаглавни данни мистична поема
Редно поле (дума) Иван Гранитски; критически коментар Иван Маразов.
257 ## - Страна на издаване
Страна на създаване/издаване България
260 ## - Област на издателските данни
9 (RLIN) 209473
Място на издаване, разпространение и проч. София
Име на издателя, разпространителя и проч. Захарий Стоянов
Година на издаване 2019
Печатница Силистра : Ковачев прес
300 ## - Физическа характеристика
Страници 68 с.
Илюстрации и др. с цв. ил.
Размери/Мащаб 24 см
380 ## - Жанр
Жанр Худож. лит.
500 ## - Общи забележки
Забележка Иван Гранитски - псевд. на авт. Иван Йорданов Димитров<br/>Залмоксис и неговият аед / Иван Маразов: с. 4-5. - Библиогр.: с. 61-65.
504 ## - Забележка за наличие на библиография и др
Забележка за наличие на библиография и под. 61-65.
700 ## - Други автори (авторска отговорност)
9 (RLIN) 635
Лично име Маразов, Иван Русев
Автороска отговорност (Описва отношението между автора и произведението) комент.
852 ## - Местоположение
Фондова буква Хранилище
Форматна сигнатура Цб 299361
999 ## - СИСТЕМНИ КОНТРОЛНИ НОМЕРА
Koha biblionumber 371341
Koha biblioitemnumber 371341
942 ## - АРТИКУЛИ
Вид на библиотечния материал Книги
Скрит в OPAC Не
Периодичен библиозапис Да
999 ## - СИСТЕМНИ КОНТРОЛНИ НОМЕРА
Koha biblioitemnumber 371341
944 ## - СЪЗДАВАНЕ И РЕДАКЦИЯ на ЗАПИСА
Служител, извършил регистрацията/редакцията 30560
Статус, дата на статуса Геновева Генчева
Наличности
Код за отписване Код за изгубен артикул Източник на класификационната схема Код за повреда Коз за рестрикции Код за отдаване Артикулен № Име на библиотеката - собственик Име на библиотеката, в която се намира в момента Статус (Текущо местоположение) Дата на вписване в системата Местоположение - отдел Цена в лева Систематично азбучна сигнатура Баркод Цена в евро Служебен тип на артикула Инвентарен номер
  Не е изгубен Universal Decimal Classification Не е повреден без рестрикции ползва се в читалня 779949 Регионална библиотека "Любен Каравелов" Русе Регионална библиотека "Любен Каравелов" Русе Хранилище 2020-07-03 Хранилище 15.00 Цб 299361 120000843933 7.67 Книги  
  Не е изгубен Universal Decimal Classification Не е повреден   заемане за дома 942146 Регионална библиотека "Любен Каравелов" Русе Регионална библиотека "Любен Каравелов" Русе Заемна - подръчен фонд 2024-04-08 Заемна - подръчен фонд 14.00 821.163.2-1/Г 77 И 120000901175 7.16 Книги 120000901175
  Не е изгубен Universal Decimal Classification Не е повреден   заемане за дома 942147 Регионална библиотека "Любен Каравелов" Русе Регионална библиотека "Любен Каравелов" Русе Заемна - подръчен фонд 2024-04-08 Заемна - подръчен фонд 14.00 821.163.2-1/Г 77 И 120000901176 7.16 Книги 120000901176
  Не е изгубен Universal Decimal Classification Не е повреден   заемане за дома 942148 Регионална библиотека "Любен Каравелов" Русе Регионална библиотека "Любен Каравелов" Русе Заемна - подръчен фонд 2024-04-08 Заемна - подръчен фонд 14.00 821.163.2-1/Г 77 И 120000901174 7.16 Книги 120000901174
Vip Innovations Ltd, Rousse, Bulgaria 2025